| 000 | 01202nam0a22002531 4500 | ||
|---|---|---|---|
| 001 | rc\1080744 | ||
| 005 | 20260407023555.0 | ||
| 035 | _a(NLR Aleph) 006329139 | ||
| 090 |
_a7526500 _c7526500 |
||
| 100 | _a20041126d1983 |||y0rusy50 ca | ||
| 101 | 0 | _arus | |
| 102 | _aRU | ||
| 105 | _aa ||||||||| | ||
| 200 | 1 |
_aСовершенствование технологии изысканий и проектирования для повышения эффективности мелиоративных систем _eСб. науч. тр. _fЮж. гос. проект.-изыскат. и НИИ по проектированию водохоз. и мелиор. стр-ва _g[Редкол.: П.Д. Евтеев (отв. ред.) и др.] |
|
| 210 |
_aРостов н/Д _cЮжгипроводхоз _d1983 |
||
| 215 |
_a128 с. _cил. _d21 |
||
| 320 | _aБиблиогр. в конце ст. | ||
| 702 | 1 |
_aЕвтеев _bП.Д. _gПетр Дмитриевич _4340 |
|
| 712 | 0 | 2 |
_a"Южгипроводхоз", институт _cРостов-на-Дону _3RU\NLR\AUTH\8810008994 _9515717 |
| 801 | 0 |
_aRU _bNLR _gpsbo |
|
| 801 | 1 |
_aRU _bELAR _2rusmarc |
|
| 852 |
_aNLR _j84-3/10375 |
||
| 942 | _cBOOK | ||
| 980 | _aNB | ||